[Event "47th POL-ch (w)"]
[Site "Warszawa POL"]
[Date "1995.03.??"]
[Round "9"]
[EventDate "1995.03.20"]
[PlyCount "84"]
[Result "1/2-1/2"]
[White "Bartosik, Olimpia"]
[Black "Dabrowska, Krystyna"]
[WhiteElo "2145"]
[BlackElo "2305"]

1. e4 e5 2. Nf3 Nc6 3. Bc4 Nf6 4. Ng5 d5 5. exd5 Na5 6. Bb5+ c6 7. dxc6 bxc6 8.  Be2 h6 9. Nf3 e4 10. Ne5 Bd6 11. d4 exd3 12. Nxd3 Qc7 13. h3 O-O 14. O-O Rd8  15. Nd2 c5 16. b3 Bb7 17. Bf3 Nd5 18. Bb2 c4 19. bxc4 Nxc4 20. Nxc4 Qxc4 21.  Re1 Rac8 22. Bg4 Rc7 23. Be5 Bxe5 24. Nxe5 Qxc2 25. Rc1 Qxd1 26. Rexd1 Rxc1 27.  Rxc1 Re8 28. Nc4 Ba8 29. Nd6 Rd8 30. Rc8 Rxc8 31. Nxc8 a5 32. Bf3 Kf8 33. Kf1  Bb7 34. Nd6 Ba6+ 35. Ke1 Nb4 36. a4 Nd3+ 37. Kd2 Nxf2 38. Nb5 Ke7 39. Nd4 Kd6  40. Nb3 f5 41. Nxa5 Ke5 42. Ke3 Ne4 1/2-1/2

[Event "47th POL-ch (w)"]
[Site "Warszawa POL"]
[Date "1995.03.??"]
[Round "9"]
[EventDate "1995.03.20"]
[PlyCount "116"]
[Result "0-1"]
[White "Grabarska, Barbara"]
[Black "Krynicka, Jolanta"]
[WhiteElo "2155"]
[BlackElo "2175"]

1. e4 e5 2. Nf3 Nf6 3. d4 Nxe4 4. Bd3 d5 5. Nxe5 Nd7 6. Nc3 Nxe5 7. dxe5 Nxc3  8. bxc3 Bc5 9. O-O Be6 10. Qh5 h6 11. Kh1 Qd7 12. f4 Bg4 13. Qh4 Bf5 14. Rb1 b6  15. c4 Bxd3 16. cxd3 dxc4 17. dxc4 Qf5 18. Bb2 O-O 19. Rbd1 Rae8 20. Qg3 Rd8  21. Rd5 Rxd5 22. cxd5 Rd8 23. e6 f6 24. Re1 Be7 25. Ba3 Bxa3 26. Qxa3 Qxd5 27.  Qe7 Qd2 28. Rf1 Kh7 29. h3 Rd6 30. f5 Qe2 31. Rf3 Rd1+ 32. Kh2 Qe1 33. Qxc7  Qg1+ 34. Kg3 Rd2 35. Kh4 Rxg2 36. Rg3 Rxg3 37. Qxg3 Qd4+ 38. Qg4 Qf2+ 39. Kh5  Qe3 40. Qg6+ Kh8 41. Qe8+ Kh7 42. Qg6+ Kh8 43. Qg4 b5 44. h4 Kg8 45. Qg2 Qc5  46. Qe4 Qe7 47. Kg4 Kh7 48. Qd4 a5 49. Kf4 Qc7+ 50. Ke4 b4 51. Kd5 a4 52. Qxb4  Qe5+ 53. Kc6 Qxf5 54. e7 Qc8+ 55. Kd6 Qa6+ 56. Kd7 Qa7+ 57. Ke6 Qa8 58. Kf7  Qg8# 0-1

[Event "47th POL-ch (w)"]
[Site "Warszawa POL"]
[Date "1995.03.??"]
[Round "9"]
[EventDate "1995.03.20"]
[PlyCount "92"]
[Result "0-1"]
[White "Leszner, Liliana"]
[Black "Aksiuczyc, Monika"]
[WhiteElo "2205"]
[BlackElo "2075"]

1. e4 c5 2. Nc3 Nc6 3. g3 g6 4. Bg2 Bg7 5. d3 d6 6. f4 e6 7. Nf3 Nge7 8. Be3  Nd4 9. O-O O-O 10. Qd2 Nec6 11. Nd1 Qc7 12. Ne1 Ne7 13. c3 Ndc6 14. Nf3 b5 15.  Nh4 Rb8 16. d4 Na5 17. b3 Bb7 18. f5 gxf5 19. exf5 Bxg2 20. Qxg2 Nd5 21. Qe2  cxd4 22. cxd4 Nc6 23. Qg4 Kh8 24. Rc1 Qd7 25. Bf2 Bf6 26. Nc3 Nxc3 27. Rxc3 Rg8  28. fxe6 fxe6 29. Qf3 Bxh4 30. Qxc6 Qe7 31. Rf3 Bf6 32. Be3 Rg6 33. Kg2 h6 34.  Bf4 Rb6 35. Qe4 Kg7 36. Re1 d5 37. Qe3 Rc6 38. Re2 b4 39. Be5 Rc3 40. Bxf6+  Rxf6 41. Qe5 Rcxf3 42. g4 Kg8 43. h4 Qg7 44. g5 hxg5 45. hxg5 R3f5 46. Qb8+ Rf8  0-1

[Event "47th POL-ch (w)"]
[Site "Warszawa POL"]
[Date "1995.03.??"]
[Round "9"]
[EventDate "1995.03.20"]
[PlyCount "90"]
[Result "1/2-1/2"]
[White "Lewandowska, Katarzyna"]
[Black "Guzkowska, Magdalena"]
[WhiteElo "2100"]
[BlackElo "2155"]

1. d4 d5 2. Nf3 e6 3. c4 c6 4. Nc3 f5 5. Bf4 Nf6 6. e3 Be7 7. Bd3 O-O 8. O-O  Ne4 9. Bc2 g5 10. Bxb8 Rxb8 11. Nxe4 dxe4 12. Nd2 Rf6 13. h3 Rh6 14. f3 exf3  15. Nxf3 Bd6 16. Qe1 Bd7 17. c5 Bc7 18. Ne5 Be8 19. Bb3 Kh8 20. Rd1 Qe7 21. Rc1  Bh5 22. e4 Bxe5 23. dxe5 f4 24. Bd1 Bxd1 25. Qxd1 Rd8 26. Qf3 Rd2 27. Rf2 Qd7  28. Rxd2 Qxd2 29. Qc3 Qd7 30. Qb3 Qe7 31. Qd1 Rg6 32. Qd6 Rg7 33. Rd1 h6 34.  Qd8+ Kh7 35. Rd6 Qxd8 36. Rxd8 Re7 37. Kf2 Kg6 38. Kf3 h5 39. h4 gxh4 40. Kxf4  Rf7+ 41. Ke3 Rf1 42. Rd6 Re1+ 43. Kf3 Rf1+ 44. Ke3 Re1+ 45. Kd3 Rd1+ 1/2-1/2

[Event "47th POL-ch (w)"]
[Site "Warszawa POL"]
[Date "1995.03.??"]
[Round "9"]
[EventDate "1995.03.20"]
[PlyCount "102"]
[Result "0-1"]
[White "Radziewicz, Iweta"]
[Black "Dworakowska, Joanna"]
[WhiteElo "2160"]
[BlackElo "2225"]

1. d4 Nf6 2. Nf3 g6 3. c4 Bg7 4. Nc3 O-O 5. Bg5 c5 6. e3 cxd4 7. exd4 d5 8.  Bxf6 Bxf6 9. Nxd5 Bg7 10. Ne3 Nc6 11. d5 Qa5+ 12. Nd2 Bxb2 13. dxc6 bxc6 14.  Rb1 Bc3 15. Qc2 Rd8 16. Bd3 e5 17. Rb3 Bxd2+ 18. Qxd2 Qxd2+ 19. Kxd2 e4 20. Kc2  exd3+ 21. Rxd3 Rxd3 22. Kxd3 Kf8 23. Kd4 Rb8 24. Kc5 Rb2 25. Kxc6 Rxa2 26. Rc1  Rxf2 27. c5 Re2 28. Rc3 f5 29. Nd5 g5 30. Kd6 Rxg2 31. Rb3 Re2 32. Rb8 Re8 33.  c6 f4 34. Nf6 Re6+ 35. Kd5 Rxf6 36. Rxc8+ Ke7 37. Rc7+ Kd8 38. Rxa7 f3 39. Ra8+  Kc7 40. Ra7+ Kd8 41. Ra1 f2 42. Rf1 Rf4 43. Kd6 Kc8 44. Ke5 Kc7 45. Kd5 h5 46.  Ke5 Rf3 47. h4 g4 48. Ke4 Kxc6 49. Rc1+ Kd6 50. Rd1+ Ke6 51. Rf1 Kf6 0-1

[Event "47th POL-ch (w)"]
[Site "Warszawa POL"]
[Date "1995.03.??"]
[Round "10"]
[EventDate "1995.03.20"]
[PlyCount "149"]
[Result "1-0"]
[White "Aksiuczyc, Monika"]
[Black "Brustman, Agnieszka"]
[WhiteElo "2075"]
[BlackElo "2290"]

1. c4 g6 2. Nc3 Bg7 3. g3 e5 4. Bg2 d6 5. d3 Ne7 6. e3 O-O 7. Nge2 Nbc6 8. O-O  Be6 9. Nd5 Qd7 10. Rb1 Nd8 11. Nxe7+ Qxe7 12. b4 Qd7 13. Re1 d5 14. cxd5 Bxd5  15. Bxd5 Qxd5 16. Nc3 Qc6 17. Bb2 Ne6 18. b5 Qd7 19. Qf3 Rab8 20. Red1 Ng5 21.  Qg2 Ne6 22. a4 Rfd8 23. h4 c6 24. Ba3 Rbc8 25. Ne4 cxb5 26. Rxb5 b6 27. g4 Nc7  28. Rbb1 Nd5 29. Bb2 Qxa4 30. d4 Ne7 31. g5 exd4 32. Bxd4 Bxd4 33. exd4 Rxd4  34. Nf6+ Kg7 35. Re1 Ng8 36. Qb7 Rcd8 37. Ra1 Qb4 38. Reb1 Qe7 39. Qxe7 Nxe7  40. Rxa7 Rd1+ 41. Rxd1 Rxd1+ 42. Kh2 Ng8 43. Nd7 Rd4 44. Ne5 Rf4 45. Kg3 Rf5  46. f4 h6 47. Nc4 Rd5 48. Ne5 Kf8 49. Rxf7+ Ke8 50. Rb7 hxg5 51. hxg5 Ne7 52.  Rb8+ Rd8 53. Rxb6 Nf5+ 54. Kg4 Ne3+ 55. Kf3 Nf5 56. Re6+ Kf8 57. Rf6+ Kg7 58.  Rxg6+ Kh7 59. Rf6 Nd4+ 60. Kg4 Ne2 61. g6+ Kg8 62. Rf7 Rd1 63. Kg5 Rg1+ 64. Ng4  Nd4 65. f5 Nf3+ 66. Kf4 Rxg4+ 67. Kxf3 Ra4 68. Rc7 Ra1 69. Kf4 Ra6 70. Kg5 Ra5  71. Re7 Kf8 72. g7+ Kg8 73. Kg6 Re5 74. Kf6 Rc5 75. Re8+ 1-0

[Event "47th POL-ch (w)"]
[Site "Warszawa POL"]
[Date "1995.03.??"]
[Round "10"]
[EventDate "1995.03.20"]
[PlyCount "67"]
[Result "1-0"]
[White "Dabrowska, Krystyna"]
[Black "Lewandowska, Katarzyna"]
[WhiteElo "2305"]
[BlackElo "2100"]

1. e4 c5 2. Nf3 Nc6 3. d4 cxd4 4. Nxd4 Nf6 5. Nc3 e5 6. Ndb5 d6 7. Bg5 a6 8.  Na3 b5 9. Bxf6 gxf6 10. Nd5 Bg7 11. Bd3 Ne7 12. Nxe7 Qxe7 13. c3 f5 14. Nc2 Qb7  15. Qf3 d5 16. exf5 e4 17. Qg3 Bf6 18. Be2 Qe7 19. a4 Be5 20. f4 Bf6 21. O-O  Qc5+ 22. Qe3 Be7 23. b4 Qxe3+ 24. Nxe3 Bb7 25. axb5 axb5 26. Bxb5+ Kd8 27.  Rxa8+ Bxa8 28. Rd1 Kc7 29. Nxd5+ Bxd5 30. Rxd5 Rd8 31. Re5 Bf6 32. Rxe4 Kb6 33.  Bc4 Bxc3 34. Bxf7 1-0

[Event "47th POL-ch (w)"]
[Site "Warszawa POL"]
[Date "1995.03.??"]
[Round "10"]
[EventDate "1995.03.20"]
[PlyCount "45"]
[Result "1-0"]
[White "Dworakowska, Joanna"]
[Black "Grabarska, Barbara"]
[WhiteElo "2225"]
[BlackElo "2155"]

1. e4 e5 2. Nf3 Nc6 3. Bb5 a6 4. Ba4 Nf6 5. d4 Nxe4 6. Qe2 Nf6 7. dxe5 Ng8 8.  O-O Bc5 9. Qc4 Qe7 10. Bg5 Qf8 11. Qe2 Nge7 12. Nc3 h6 13. Be3 Bxe3 14. Qxe3 b5  15. Bb3 Bb7 16. a4 b4 17. Ne4 Na5 18. Nd6+ cxd6 19. exd6 f5 20. dxe7 Qxe7 21.  Qb6 Nxb3 22. Qxb7 Qd8 23. Rae1+ 1-0

[Event "47th POL-ch (w)"]
[Site "Warszawa POL"]
[Date "1995.03.??"]
[Round "10"]
[EventDate "1995.03.20"]
[PlyCount "96"]
[Result "0-1"]
[White "Guzkowska, Magdalena"]
[Black "Bobrowska, Monika"]
[WhiteElo "2155"]
[BlackElo "2310"]

1. c4 g6 2. Nc3 Bg7 3. g3 e5 4. Bg2 d6 5. d3 Nc6 6. e3 f5 7. Nge2 Nf6 8. Nd5  O-O 9. O-O Ne7 10. Rb1 c6 11. Nxf6+ Bxf6 12. b4 Be6 13. Qc2 d5 14. Rd1 g5 15.  f4 Ng6 16. b5 gxf4 17. exf4 Qe8 18. bxc6 bxc6 19. fxe5 Bxe5 20. Bf4 Bxf4 21.  Nxf4 Nxf4 22. gxf4 Rf6 23. Re1 Qf7 24. Re3 dxc4 25. Rg3+ Rg6 26. dxc4 Bxc4 27.  Bxc6 Rd8 28. Qc3 Qe6 29. Bg2 Re8 30. a4 Bd5 31. Bxd5 Qxd5 32. Qb3 Qxb3 33.  Rbxb3 Kf7 34. Kf2 Ra6 35. Rb7+ Re7 36. Rxe7+ Kxe7 37. Rg7+ Kf6 38. Rxh7 Rxa4  39. Kf3 Ra3+ 40. Ke2 Kg6 41. Rb7 a5 42. Ra7 a4 43. Kf2 Ra1 44. Kg2 a3 45. Kf2  Kh5 46. h3 Kg6 47. Ke2 a2 48. Kd2 Rh1 0-1

[Event "47th POL-ch (w)"]
[Site "Warszawa POL"]
[Date "1995.03.??"]
[Round "11"]
[EventDate "1995.03.20"]
[PlyCount "100"]
[Result "0-1"]
[White "Bartosik, Olimpia"]
[Black "Dworakowska, Joanna"]
[WhiteElo "2145"]
[BlackElo "2225"]

1. e4 c5 2. c3 d5 3. exd5 Qxd5 4. d4 Nf6 5. Nf3 e6 6. Be2 Be7 7. O-O cxd4 8.  cxd4 Nc6 9. Nc3 Qd6 10. Nb5 Qd8 11. Bf4 Nd5 12. Bg3 O-O 13. Bc4 a6 14. Bxd5  exd5 15. Nc3 Bg4 16. h3 Bxf3 17. Qxf3 Nxd4 18. Qd3 Bf6 19. Rae1 Rb8 20. Be5 Nc6  21. Bxf6 Qxf6 22. Qxd5 Rfd8 23. Qe4 h6 24. Re3 Rd4 25. Qb1 b5 26. Rfe1 g6 27.  Ne4 Qd8 28. Nc5 Qb6 29. Re8+ Rxe8 30. Rxe8+ Kh7 31. Nb3 Rd6 32. Qc1 Qc7 33. Re1  Qd8 34. Qc5 Qf6 35. g3 Ne7 36. Qc7 Nf5 37. Qc1 Rd3 38. Kg2 Nxg3 39. Re3 Ne2 40.  Qc5 Rd5 41. Qe7 Nf4+ 42. Kh2 Qf5 43. Qe4 Qg5 44. Rg3 Re5 45. Qb7 Qf6 46. Rf3  Rf5 47. Qe4 Qd6 48. Qd4 Qb8 49. Qd7 Nxh3+ 50. Rg3 Ng5 0-1

[Event "47th POL-ch (w)"]
[Site "Warszawa POL"]
[Date "1995.03.??"]
[Round "11"]
[EventDate "1995.03.20"]
[PlyCount "79"]
[Result "1-0"]
[White "Grabarska, Barbara"]
[Black "Henc, Renata"]
[WhiteElo "2155"]
[BlackElo "2160"]

1. e4 e6 2. d4 d5 3. Nc3 Nf6 4. Bg5 dxe4 5. Nxe4 Nbd7 6. Nf3 Be7 7. Bxf6 Nxf6  8. Bd3 O-O 9. Qd2 Nxe4 10. Bxe4 c5 11. O-O-O cxd4 12. h4 f5 13. Bd3 Qd5 14. Kb1  Bf6 15. Qe2 b5 16. Ng5 Bd7 17. f4 a5 18. Rde1 Ra6 19. Rh3 Qd6 20. a4 Rb6 21.  Bxb5 h6 22. Nf3 Bxb5 23. axb5 Rfb8 24. Ne5 Rxb5 25. Nc4 d3 26. Rxd3 Qxf4 27.  Qxe6+ Kh7 28. b3 a4 29. Nd6 R8b6 30. Qd7 axb3 31. Nxb5 bxc2+ 32. Kxc2 Qf2+ 33.  Kd1 Ra6 34. Na3 Bxh4 35. Qe8 Qxg2 36. Qe2 Qb7 37. Rf1 Rxa3 38. Rxa3 Qb1+ 39.  Kd2 Qb2+ 40. Kd1 1-0

[Event "47th POL-ch (w)"]
[Site "Warszawa POL"]
[Date "1995.03.??"]
[Round "11"]
[EventDate "1995.03.20"]
[PlyCount "92"]
[Result "0-1"]
[White "Lewandowska, Katarzyna"]
[Black "Krynicka, Jolanta"]
[WhiteElo "2100"]
[BlackElo "2175"]

1. d4 Nf6 2. Nf3 g6 3. c4 Bg7 4. Nc3 d5 5. Bg5 Ne4 6. cxd5 Nxg5 7. Nxg5 e6 8.  Nf3 exd5 9. e3 O-O 10. b4 c6 11. Bd3 a5 12. b5 c5 13. Rc1 cxd4 14. Nxd4 Bxd4  15. exd4 Re8+ 16. Be2 Be6 17. O-O Nd7 18. Na4 b6 19. Rc6 Rb8 20. Bf3 Nf6 21.  Qb3 Ne4 22. Rd1 Ng5 23. Rdc1 Nxf3+ 24. Qxf3 Bd7 25. Nc3 Bxc6 26. bxc6 Rc8 27.  Nxd5 Rxc6 28. Rd1 Rd6 29. Ne3 Rxd4 30. Rc1 Rd6 31. h3 Rf6 32. Qg3 Qd2 33. Rc2  Qe1+ 34. Kh2 h5 35. h4 Qa1 36. Nd5 Rf5 37. Rc8 Rxc8 38. Ne7+ Kf8 39. Nxc8 Qe5  40. Nxb6 Qxg3+ 41. Kxg3 Rb5 42. Na4 Rb4 43. Nc5 a4 44. Nd3 Rd4 45. Nc5 a3 46.  Nb3 Rd3+ 0-1

[Event "47th POL-ch (w)"]
[Site "Warszawa POL"]
[Date "1995.03.??"]
[Round "11"]
[EventDate "1995.03.20"]
[PlyCount "81"]
[Result "1-0"]
[White "Zielinska, Marta"]
[Black "Aksiuczyc, Monika"]
[WhiteElo "2220"]
[BlackElo "2075"]

1. d4 Nf6 2. c4 e6 3. Nf3 c5 4. d5 b5 5. a4 b4 6. Qc2 exd5 7. cxd5 Qe7 8. Nbd2  Bb7 9. e4 Bxd5 10. Bd3 g6 11. O-O Bc6 12. e5 Ng4 13. Nc4 Bxf3 14. gxf3 Nxe5 15.  Nxe5 Qxe5 16. Bd2 Be7 17. Rfe1 Qd6 18. Be4 Nc6 19. Bxc6 Qxc6 20. Bf4 Kd8 21.  Rad1 Re8 22. Qe2 Kc8 23. Bd6 Bxd6 24. Qxe8+ Kb7 25. Qxf7 Kc7 26. Re3 Rf8 27.  Qxh7 Rxf3 28. Rxd6 Qxa4 29. Rxd7+ Qxd7 30. Qxd7+ Kxd7 31. Rxf3 Kc6 32. Kf1 a5  33. Ke1 a4 34. Kd1 b3 35. Rf6+ Kb5 36. Rxg6 Kb4 37. Kc1 a3 38. bxa3+ Kxa3 39.  Kb1 c4 40. Rg3 Kb4 41. h4 1-0

[Event "47th POL-ch (w)"]
[Site "Warszawa POL"]
[Date "1995.03.??"]
[Round "12"]
[EventDate "1995.03.20"]
[PlyCount "79"]
[Result "1-0"]
[White "Aksiuczyc, Monika"]
[Black "Guzkowska, Magdalena"]
[WhiteElo "2075"]
[BlackElo "2155"]

1. c4 c5 2. g3 Nc6 3. Bg2 g6 4. e3 Bg7 5. Nc3 e6 6. Nge2 Nge7 7. d4 cxd4 8.  exd4 Nf5 9. d5 Ne5 10. b3 Qa5 11. O-O O-O 12. Bd2 d6 13. Rc1 Rb8 14. Ne4 Qa6  15. Bg5 exd5 16. cxd5 f6 17. Bd2 Bd7 18. Nf4 g5 19. Nh5 Nd4 20. Nxg7 Ne2+ 21.  Kh1 Nxc1 22. Nh5 Bb5 23. Nhxf6+ Kg7 24. Qh5 Rxf6 25. Nxf6 Bxf1 26. Qxh7+ Kxf6  27. Qh6+ Kf7 28. Qh7+ Kf6 29. Be4 Nf7 30. Qf5+ Ke7 31. Qe6+ Kd8 32. Qf6+ Kc7  33. Qxf7+ Kb6 34. Qd7 Qa3 35. b4 a6 36. Be3+ Qxe3 37. fxe3 Ka7 38. Qxd6 Nd3 39.  Kg1 Be2 40. b5 1-0

[Event "47th POL-ch (w)"]
[Site "Warszawa POL"]
[Date "1995.03.??"]
[Round "12"]
[EventDate "1995.03.20"]
[PlyCount "103"]
[Result "0-1"]
[White "Henc, Renata"]
[Black "Bartosik, Olimpia"]
[WhiteElo "2160"]
[BlackElo "2145"]

1. d4 d5 2. Nf3 Nf6 3. Bg5 e6 4. e3 Be7 5. c4 c6 6. Nc3 Nbd7 7. cxd5 exd5 8.  Bd3 Ne4 9. Bf4 f5 10. Ne5 Bf6 11. Nxd7 Qxd7 12. Na4 O-O 13. O-O Qe7 14. Qc2 g5  15. Bxe4 dxe4 16. Bg3 Be6 17. Qc5 Qg7 18. Be5 Bd5 19. Bxf6 Rxf6 20. Nc3 b6 21.  Qb4 Be6 22. a4 Qc7 23. a5 Rh6 24. g3 Rf8 25. axb6 axb6 26. Ra6 Qf7 27. f4 Bc4  28. Ra7 Qxa7 29. Qxc4+ Qf7 30. d5 gxf4 31. Rxf4 Rd8 32. Qf1 cxd5 33. Rxf5 Qe6  34. Qf4 Rg6 35. Nxd5 Qe8 36. Re5 Qd7 37. Ne7+ Kg7 38. Nxg6 hxg6 39. Qxe4 Qd1+  40. Kg2 Qd2+ 41. Kh3 Rh8+ 42. Qh4 Rxh4+ 43. Kxh4 Qxh2+ 44. Kg4 Qxb2 45. Rd5  Qe2+ 46. Kf4 Qf2+ 47. Ke4 Qxg3 48. Kd4 Qc7 49. e4 Kf6 50. e5+ Ke6 51. Rd6+  Qxd6+ 52. exd6 0-1

[Event "47th POL-ch (w)"]
[Site "Warszawa POL"]
[Date "1995.03.??"]
[Round "12"]
[EventDate "1995.03.20"]
[PlyCount "108"]
[Result "0-1"]
[White "Krynicka, Jolanta"]
[Black "Bobrowska, Monika"]
[WhiteElo "2175"]
[BlackElo "2310"]

1. Nf3 Nf6 2. g3 g6 3. Bg2 Bg7 4. O-O O-O 5. d3 d6 6. c4 Nc6 7. Nc3 e5 8. Rb1  a5 9. a3 h6 10. b4 axb4 11. axb4 Be6 12. b5 Ne7 13. Nd2 c6 14. Bb2 d5 15. cxd5  cxd5 16. Ra1 Qd7 17. Ba3 Rfe8 18. Nb3 b6 19. d4 Ne4 20. Nxe4 dxe4 21. Bxe4 Nd5  22. Bb2 Rxa1 23. Bxa1 Qxb5 24. dxe5 Ne3 25. fxe3 Bxb3 26. Qb1 Qa4 27. Bd4 Bxe5  28. Bxe5 Rxe5 29. Bxg6 Rg5 30. Be4 b5 31. Qd3 Kg7 32. Qc3+ Kg8 33. Qc8+ Kg7 34.  Qc3+ Kg8 35. Bd3 Be6 36. Ra1 b4 37. Qf6 Qc6 38. Qxh6 Rg7 39. Qf4 Rg4 40. Qb8+  Kg7 41. Rb1 Qc5 42. Kf2 b3 43. Ra1 Rb4 44. Qd8 Qe5 45. Qa8 b2 46. Rd1 Bb3 47.  Rf1 Rb6 48. e4 Rh6 49. Kg2 Be6 50. h4 Rg6 51. Rf3 Bg4 52. Rf4 Bxe2 53. Qb7 Qxf4  54. Qxb2+ Kh7 0-1

[Event "47th POL-ch (w)"]
[Site "Warszawa POL"]
[Date "1995.03.??"]
[Round "12"]
[EventDate "1995.03.20"]
[PlyCount "67"]
[Result "1-0"]
[White "Leszner, Liliana"]
[Black "Grabarska, Barbara"]
[WhiteElo "2205"]
[BlackElo "2155"]

1. e4 e5 2. d4 exd4 3. Qxd4 Nc6 4. Qe3 Nf6 5. Bd2 Bb4 6. Nc3 O-O 7. O-O-O Re8  8. f3 d6 9. g4 Be6 10. g5 Nd7 11. Kb1 Bc5 12. Qe1 f5 13. gxf6 Qxf6 14. Qg3 Qf7  15. Nh3 Bxh3 16. Bxh3 Nde5 17. f4 Nc4 18. Bc1 a5 19. Rd5 Nd4 20. Qd3 c6 21.  Rxd4 Bxd4 22. Qxd4 b5 23. b3 b4 24. Bf1 c5 25. Qxc4 bxc3 26. Qxc3 Qg6 27. Bc4+  Kh8 28. Bd5 Ra7 29. f5 Qg2 30. Rd1 Qxh2 31. f6 Qe5 32. fxg7+ Rxg7 33. Qxa5 Qh5  34. Re1 1-0

[Event "47th POL-ch (w)"]
[Site "Warszawa POL"]
[Date "1995.03.??"]
[Round "12"]
[EventDate "1995.03.20"]
[PlyCount "39"]
[Result "1/2-1/2"]
[White "Zielinska, Marta"]
[Black "Radziewicz, Iweta"]
[WhiteElo "2220"]
[BlackElo "2160"]

1. d4 Nf6 2. Nf3 b6 3. g3 Bb7 4. c4 e6 5. Bg2 Be7 6. O-O O-O 7. Nc3 d5 8. cxd5  Nxd5 9. Ne5 Nxc3 10. bxc3 Bxg2 11. Kxg2 Nc6 12. Nxc6 Qd5+ 13. f3 Qxc6 14. Qb3  Qd5 15. e4 Qxb3 16. axb3 c5 17. Ba3 Rfd8 18. Rfd1 Kf8 19. Kf2 cxd4 20. cxd4  1/2-1/2

[Event "47th POL-ch (w)"]
[Site "Warszawa POL"]
[Date "1995.03.??"]
[Round "13"]
[EventDate "1995.03.20"]
[PlyCount "91"]
[Result "1/2-1/2"]
[White "Bartosik, Olimpia"]
[Black "Leszner, Liliana"]
[WhiteElo "2145"]
[BlackElo "2205"]

1. e4 b6 2. d4 Bb7 3. Nc3 e6 4. Bd3 Nf6 5. Nge2 Be7 6. a3 c5 7. O-O c4 8. Bxc4  Nxe4 9. Nxe4 Bxe4 10. Ng3 Bg6 11. d5 O-O 12. f4 Qc7 13. Qe2 Bf6 14. Kh1 Rc8 15.  Bd3 Bxd3 16. cxd3 exd5 17. Nh5 Bd4 18. Qg4 Nc6 19. Be3 f5 20. Qg3 g6 21. Bxd4  Nxd4 22. Nf6+ Kg7 23. Nxd5 Qd6 24. Nc3 Re8 25. Rae1 a6 26. Re5 Rxe5 27. fxe5  Qc5 28. h3 Re8 29. Re1 Re6 30. Qf4 d6 31. Na4 Qd5 32. Nc3 dxe5 33. Nxd5 exf4  34. Rxe6 Nxe6 35. Nxb6 Kf6 36. Nd7+ Ke7 37. Nb8 Nc7 38. Nc6+ Kd6 39. Nb4 Kc5  40. Nc2 g5 41. Kg1 a5 42. b4+ axb4 43. axb4+ Kb5 44. Nd4+ Kxb4 45. Nxf5 Kc3 46.  Kf2 1/2-1/2

[Event "47th POL-ch (w)"]
[Site "Warszawa POL"]
[Date "1995.03.??"]
[Round "13"]
[EventDate "1995.03.20"]
[PlyCount "86"]
[Result "1/2-1/2"]
[White "Brustman, Agnieszka"]
[Black "Krynicka, Jolanta"]
[WhiteElo "2290"]
[BlackElo "2175"]

1. e4 e5 2. Nf3 Nf6 3. Nxe5 d6 4. Nf3 Nxe4 5. d4 d5 6. Bd3 Be7 7. O-O Nc6 8. c4  Nf6 9. Nc3 O-O 10. cxd5 Nb4 11. Re1 Nbxd5 12. Bg5 Nxc3 13. bxc3 h6 14. Bh4 Nd5  15. Bxe7 Nxe7 16. Qb3 Nd5 17. c4 Nf6 18. h3 c6 19. Rad1 Qd6 20. Ne5 b6 21. c5  Qc7 22. cxb6 axb6 23. Rc1 Be6 24. Bc4 Bxc4 25. Qxc4 c5 26. Nd3 Qa7 27. dxc5  bxc5 28. Re2 Rfe8 29. Rce1 Rxe2 30. Rxe2 Rc8 31. Ne5 Qc7 32. f4 Rb8 33. Rc2 Rc8  34. a4 Ne8 35. Qd5 Nf6 36. Qc4 Ne8 37. a5 Nd6 38. Qd5 c4 39. Rc3 Qc5+ 40. Qxc5  Rxc5 41. a6 Ra5 42. Nxc4 Nxc4 43. Rxc4 Rxa6 1/2-1/2

[Event "47th POL-ch (w)"]
[Site "Warszawa POL"]
[Date "1995.03.??"]
[Round "13"]
[EventDate "1995.03.20"]
[PlyCount "104"]
[Result "1/2-1/2"]
[White "Grabarska, Barbara"]
[Black "Zielinska, Marta"]
[WhiteElo "2155"]
[BlackElo "2220"]

1. e4 e6 2. d4 d5 3. Nc3 Nf6 4. Bg5 Be7 5. e5 Nfd7 6. h4 Bxg5 7. hxg5 Qxg5 8.  Nh3 Qe7 9. Qg4 g6 10. Nf4 Nc6 11. O-O-O Nb6 12. Rh6 Bd7 13. Bb5 O-O-O 14. Bxc6  Bxc6 15. Rdh1 Nc4 16. Nd3 Rdf8 17. Rxh7 Rxh7 18. Rxh7 Qe8 19. Qh4 b6 20. b3 Na5  21. Qf6 Bd7 22. Nf4 Nb7 23. Nh3 c5 24. dxc5 bxc5 25. Ng5 Nd8 26. Kb2 Bc6 27.  Qf4 Qd7 28. Qh4 Qc7 29. f4 Kb8 30. Qh6 Rg8 31. Rh8 Rxh8 32. Qxh8 Kb7 33. Qf8  Kb6 34. b4 cxb4 35. Qxb4+ Ka6 36. Na4 Bxa4 37. Qxa4+ Kb7 38. Qb4+ Ka8 39. Kb3  a6 40. c4 dxc4+ 41. Qxc4 Qb6+ 42. Qb4 Qe3+ 43. Ka4 Nb7 44. Nxf7 Qe2 45. Ka3  Qe3+ 46. Ka4 Qd3 47. Nd6 Qc2+ 48. Ka3 Qc1+ 49. Qb2 Qc5+ 50. Qb4 Qc1+ 51. Qb2  Qc5+ 52. Qb4 Qc1+ 1/2-1/2

[Event "47th POL-ch (w)"]
[Site "Warszawa POL"]
[Date "1995.03.??"]
[Round "13"]
[EventDate "1995.03.20"]
[PlyCount "91"]
[Result "1/2-1/2"]
[White "Guzkowska, Magdalena"]
[Black "Dabrowska, Krystyna"]
[WhiteElo "2155"]
[BlackElo "2305"]

1. c4 Nf6 2. g3 e6 3. Bg2 d5 4. d4 Be7 5. Nc3 O-O 6. Nf3 b6 7. cxd5 exd5 8. O-O  Bb7 9. Ne5 Nbd7 10. Nd3 c5 11. Nf4 cxd4 12. Qxd4 Bc5 13. Qd1 Ne4 14. Nfxd5 Nxc3  15. Nxc3 Bxg2 16. Kxg2 Qe7 17. Qd5 Nf6 18. Qf3 Rfe8 19. Bg5 Rad8 20. Rad1 Qe5  21. Bxf6 Qxf6 22. Qxf6 gxf6 23. e3 Kg7 24. Kf3 Bd6 25. Rd3 Be5 26. Rfd1 Rc8 27.  Nb5 Rc2 28. R3d2 Rxb2 29. Nxa7 Ra8 30. Rxb2 Bxb2 31. Rd7 Ba3 32. Ke4 Bb4 33.  Kd5 Be1 34. f3 Re8 35. e4 Re5+ 36. Kc6 Ra5 37. Kxb6 Rxa2 38. Nb5 Rxh2 39. Nd6  Kg6 40. g4 Rf2 41. Nxf7 Rxf3 42. Nh8+ Kg5 43. Rxh7 Kxg4 44. Re7 Re3 45. Nf7 Kf4  46. e5 1/2-1/2

[Event "47th POL-ch (w)"]
[Site "Warszawa POL"]
[Date "1995.03.??"]
[Round "13"]
[EventDate "1995.03.20"]
[PlyCount "61"]
[Result "1-0"]
[White "Lewandowska, Katarzyna"]
[Black "Henc, Renata"]
[WhiteElo "2100"]
[BlackElo "2160"]

1. d4 Nf6 2. Nf3 e6 3. c4 b6 4. Nc3 Bb4 5. Qc2 Bb7 6. Bg5 h6 7. Bh4 c5 8. dxc5  bxc5 9. a3 Ba5 10. e3 g5 11. Bg3 Ne4 12. Be5 Rg8 13. O-O-O Bxc3 14. Bxc3 g4 15.  Ne5 Nxc3 16. Qxc3 Qf6 17. Be2 h5 18. f3 Rg5 19. Qb3 Bc8 20. f4 Rg8 21. h3 Qe7  22. hxg4 f6 23. Bf3 fxe5 24. Bxa8 Na6 25. Bb7 Qd8 26. Bxc8 Qxc8 27. Rxh5 Qc7  28. fxe5 Rxg4 29. Rdh1 Kf7 30. Qd3 Rg7 31. Qf1+ 1-0

[Event "47th POL-ch (w)"]
[Site "Warszawa POL"]
[Date "1995.03.??"]
[Round "13"]
[EventDate "1995.03.20"]
[PlyCount "63"]
[Result "1-0"]
[White "Radziewicz, Iweta"]
[Black "Aksiuczyc, Monika"]
[WhiteElo "2160"]
[BlackElo "2075"]

1. c4 c5 2. Nc3 Nf6 3. g3 d5 4. cxd5 Nxd5 5. Bg2 Nc7 6. Nf3 Nc6 7. O-O e5 8. d3  Be7 9. Bd2 O-O 10. Rc1 Rb8 11. a3 b6 12. Ne4 Bd7 13. Bc3 f6 14. b4 cxb4 15.  axb4 Kh8 16. Qb3 Be6 17. Qb2 Nb5 18. Bd2 Ncd4 19. Nxd4 Nxd4 20. Bc3 f5 21. e3  Nb3 22. Bxe5 Rf7 23. Rc6 Bd5 24. Nd6 Be6 25. Nxf7+ Bxf7 26. Bxb8 Qxb8 27. Qc3  Bf8 28. Rc8 Qd6 29. Qc7 Qxc7 30. Rxc7 Be6 31. Rxa7 Kg8 32. Bb7 1-0